Statistics for Countries of the World... but Backwards!

Click here to take the quiz!

General Stats

  • This quiz has been taken 1,103 times
  • The average score is 101 of 196

Answers on the Map

Answers color-coded by a green-red scale on the quiz's map according to % correct below.
 

Answer Stats

HintHintyrtnuoC% Correct
153129setatS detinU
91%
14366adanaC
86%
57752aissuR
82%
615140.9anihC
78%
151182ocixeM
77%
37786modgniK detinU
75%
266294lizarB
71%
556185.9aidnI
70%
206190.2abuC
67%
386105ecnarF
66%
372127.5niapS
66%
218384elihC
65%
693.3140napaJ
65%
34143dnalecI
64%
401.573.5kramneD
64%
502182.5setarimE barA detinU
64%
208292ureP
64%
414.360.5nedewS
63%
36382.5dnalerI
62%
501.3152.5narI
62%
478.8149.9qarI
62%
43752dnalniF
61%
509.33187.2namO
61%
488.3208.2nemeY
61%
433267.2ognoC .R .D
61%
401.757yawroN
61%
416.4124.2ylatI
61%
614.2104.1ailognoM
59%
427.6239cilbupeR nacirfA lartneC
59%
422.6209.4dahC
59%
218196itiaH
59%
198232.5amanaP
58%
377202.2ilaM
58%
683342ailartsuA
57%
419.3172.9aybiL
57%
361.7127.6lagutroP
57%
447171.3tpygE
57%
460.3130.6yekruT
57%
234373anitnegrA
56%
423.687.1dnaloP
56%
569.8166.5lapeN
56%
236319aiviloB
55%
430129eceerG
55%
782.9320.1ijiF
55%
448.5209.5naduS
55%
416.9260.5ognoC .R
55%
383232.4ogoT
55%
403.3203.9regiN
55%
610.3194.9soaL
55%
40489.9ynamreG
55%
669139aeroK htuoS
54%
776.7391.9dnalaeZ weN
54%
665.7127aeroK htroN
53%
398230.8airegiN
53%
384.2167.2aireglA
53%
248242anayuG
53%
450.696eniarkU
53%
180.9203.6ezileB
53%
366153.5occoroM
53%
495.7176.2rataQ
53%
209180.9samahaB
53%
254.9370.2yaugurU
53%
216.3247.5aibmoloC
52%
467143airyS
52%
43870.6aivtaL
52%
624.3219.9manteiV
52%
652.9182.1nawiaT
52%
204265.5rodaucE
52%
248.9339.7yaugaraP
52%
703.7282.4aeniuG weN aupaP
51%
43964.8ainotsE
51%
414.2100.9airtsuA
51%
401148aisinuT
51%
562235.3aknaL irS
51%
378.2234.5anahG
51%
412.9141.1atlaM
51%
221197cilbupeR nacinimoD
51%
254.4248.1emaniruS
51%
39191muigleB
51%
462.3158.9nadroJ
51%
535.7164.2natsikaP
51%
584.1169.4natuhB
51%
385.7225nineB
51%
443.481.2suraleB
51%
680.5241.3ualaP
51%
756.2263.4uruaN
51%
206200.2aciamaJ
50%
192228aciR atsoC
50%
353.3224.2aeniuG
50%
798.1328.7agnoT
50%
482.1179.9aibarA iduaS
50%
427.6113aibreS
50%
635.5264aisenodnI
50%
802.8307.7aomaS
50%
465.8259.9ayneK
50%
608207.9dnaliahT
50%
533100natshkazaK
50%
184.5210.7sarudnoH
50%
479120aigroeG
49%
488230ailamoS
49%
436.7107.1ainamoR
49%
480.5125ainemrA
49%
177.4210alametauG
49%
232235aleuzeneV
49%
420301.2alognA
49%
188.2218.1augaraciN
49%
459157learsI
49%
406.5264nobaG
49%
486324.3racsagadaM
49%
180.4215rodavlaS lE
49%
431365acirfA htuoS
48%
438310aibmaZ
48%
616219.1aidobmaC
48%
42398aikavolS
48%
425.5124ainablA
48%
434.376.3ainauhtiL
48%
413106.5ainevolS
48%
437.8117.9airagluB
48%
610.3247.2aisyalaM
48%
421113anivogezreH dna ainsoB
48%
41493.8cilbupeR hcezC
48%
398.4103.5dnalreztiwS
48%
21272itabiriK
48%
456307iwalaM
48%
347212lageneS
48%
449.6239.5naduS htuoS
48%
427.5118.5ovosoK
48%
597188.5ramnayM
48%
39386.9sdnalrehteN
48%
455.3143.7surpyC
48%
424.4103.1yragnuH
48%
453.1256.6adnagU
47%
418328aibimaN
47%
344216aibmaG
47%
418108aitaorC
47%
444.4102avodloM
47%
583181.8hsedalgnaB
47%
528149.2natsinahgfA
47%
407247nooremaC
47%
444360.5ohtoseL
47%
657220.6senippilihP
47%
804.5282.8ulavuT
47%
447.8267.7adnawR
46%
354195.5ainatiruaM
46%
459.1282.5ainaznaT
46%
470234.2aipoihtE
46%
359.2239.6airebiL
46%
638.6246.1ienurB
46%
525122.5natsikebzU
46%
461.7146.8nonabeL
46%
479.4301.4soromoC
46%
487162.9tiawuK
46%
242.4209.5acinimoD
45%
241.4204adubraB dna augitnA
45%
466.3209.2aertirE
45%
717.7235.2aisenorciM
45%
435336.1anawstoB
45%
326.7206.9edreV epaC
45%
467309.5euqibmazoM
45%
447325ewbabmiZ
45%
451.3350.1initawsE
45%
487.6125najiabrezA
45%
545.2133.5natsikijaT
45%
513130.6natsinemkruT
45%
397.2114.5ocanoM
45%
545.9248.9sevidlaM
45%
246.5217sodabraB
45%
241.6220.6adanerG
44%
243.2214.6aicuL tniaS
44%
429.5121.7ainodecaM htroN
44%
384118.7arrodnA
44%
395.5260.6epicnírP dna émoT oãS
44%
394.394.2gruobmexuL
44%
447.8272.6idnuruB
44%
548122natszygryK
44%
494.3174niarhaB
44%
242.5226.6ogaboT dna dadinirT
44%
423.7117.8orgenetnoM
44%
377219osaF anikruB
44%
505.5277sellehcyeS
44%
242.7216.8senidanerG eht dna tnecniV tniaS
44%
239.4203.4siveN dna sttiK tniaS
44%
368235.9tsaoC yrovI
44%
347.7220.3uassiB-aeniuG
44%
755.5318.6utaunaV
44%
408.5120.7ytiC nacitaV
44%
354232.9enoeL arreiS
43%
614.2256.7eropagniS
43%
476.4221.6ituobijD
43%
664.3290.8romiT tsaE
43%
760.6232.2sdnalsI llahsraM
43%
742.1295sdnalsI nomoloS
43%
510.1329.1suitiruaM
43%
404255.8aeniuG lairotauqE
42%
408.5113.9oniraM naS
42%
402103.1nietsnethceiL
41%

Score Distribution

Percentile by Number Answered

Percent of People with Each Score

Your Score History

You have not taken this quiz